Logo

Description automatically generated
विद्यार्जन
 संसाधन केंद्र, भारतीय प्रौद्योगिकी संस्थान इन्दौर
Learning Resource Center, Indian Institute of Technology Indore

ऑनलाइन सार्वजनिक अभिगम प्रसूची
Online Public Access Catalogue (OPAC)

MLA style manual and guide to scholarly publishing [3rd ed.] (Record no. 57346)

MARC details
000 -LEADER
fixed length control field 00845nam a2200217Ia 4500
005 - DATE AND TIME OF LATEST TRANSACTION
control field 20260704175957.0
008 - FIXED-LENGTH DATA ELEMENTS--GENERAL INFORMATION
fixed length control field 260704s9999||||xx |||||||||||||| ||und||
020 ## - INTERNATIONAL STANDARD BOOK NUMBER
International Standard Book Number 9780873522977
Qualifying information hb
082 ## - DEWEY DECIMAL CLASSIFICATION NUMBER
Classification number 808.027
Item number THE.3E
100 ## - MAIN ENTRY--PERSONAL NAME
Personal name The Modern Language Association of America
245 #0 - TITLE STATEMENT
Title MLA style manual and guide to scholarly publishing [3rd ed.]
250 ## - EDITION STATEMENT
Edition statement 1st ed. 1985 ; 2nd ed. 1998 ; 3rd ed. 2008
260 ## - PUBLICATION, DISTRIBUTION, ETC.
Place of publication, distribution, etc. New York
Name of publisher, distributor, etc. The Modern Language Association of America
Date of publication, distribution, etc. 2008
300 ## - PHYSICAL DESCRIPTION
Extent xxiv, 336p. ; 24cm.
653 ## - INDEX TERM--UNCONTROLLED
Uncontrolled term Academic writing—Handbooks, manual etc.
653 ## - INDEX TERM--UNCONTROLLED
Uncontrolled term Authorship—Style manuals
653 ## - INDEX TERM--UNCONTROLLED
Uncontrolled term Humanities literature—Authorship—Handbooks, manuals etc
653 ## - INDEX TERM--UNCONTROLLED
Uncontrolled term Humanities literature—Authorship—Handbooks, manuals etc
653 ## - INDEX TERM--UNCONTROLLED
Uncontrolled term Scholarly publishing—Handbooks, manuals etc.
942 ## - ADDED ENTRY ELEMENTS (KOHA)
Koha item type Book
Holdings
Withdrawn status Lost status Damaged status Not for loan Home library Current library Shelving location Date acquired Source of acquisition Total Checkouts Full call number Barcode Date last seen Price effective from Koha item type
        LRC, IIT Indore LRC, IIT Indore 2nd Floor - General Stack 04/07/2026 Gratis Book Price: USD 32.50   808.027 THE.3E G2571 04/07/2026 04/07/2026 Book
Copyright © 2017-2026 Indian Institute of Technology Indore. All Rights Reserved.
Managed & maintained by Learning Resource Center, IIT Indore